| 000 | 00702nas a2200217 4500 | ||
|---|---|---|---|
| 001 | BR7306748 | ||
| 003 | BR-BrBNA | ||
| 005 | 20231205082624.0 | ||
| 007 | ta | ||
| 008 | 230509b bl.|||p| |||| 00| 00por d | ||
| 040 |
_aBR-BrBNA _bpor _cBiblioteca Nacional de Agricultura |
||
| 041 | _a(Pt) | ||
| 072 | _aF60 | ||
| 100 | 1 | _aGrisi, B.M. | |
| 245 | 1 | _aEcofisiologia da caatinga: comportamento hidrico de Caesalpinia pyramidalis Tul. e Schinopsis brasileiro Engl. [Brasil] | |
| 650 | _aARVORE ANGIOSPERMA | ||
| 650 | _aCAATINGA | ||
| 773 | 0 |
_tCiencia e Cultura (Brazil) _xISSN 0009-6725 _g(Apr 1976), v. 28(4) p. 417-425 _wBR7306748 |
|
| 909 |
_a202311 _bLúcia _c55 _dLúcia Elande |
||
| 942 |
_2AGRIS _n0 _cANA |
||
| 999 |
_c93303 _d93303 |
||